LEADER 01427nam a2200301 i 4500 001 000000077452 003 CaOOAMICUS 005 20120514000000.0 008 120514s1998 it u000 u ita u 013 $a48624 020 $a88-7030-498-1 040 $aSeMil$bita 100 1 $aBonifazi, Duilio.$0(OLS)http://semarc/name/28865 245 13$aIl Battesimo come fondamento dell'esistenza cristiana /$cD. Bonifazi ... [et al.]. 260 $aMilano :$bMassimo,$ccopyr. 1998. 300 $a191 p. ;$c20 cm. 490 0 $aProblemi del nostro tempo ;$v98 490 0 $aPubblicazioni dell'Istituto teologico marchigiano ;$v1 500 $aContiene : Bibliografia. - Atti del Convegno organizzato ad Ancona e Fermo, nei giorni 6 e 7 marzo 1977, dall'Istituto Teologico Marchigiano di Ancona. 650 4$aBattesimo.$0(OLS)http://semarc/subject/7352 830 0$aProblemi del nostro tempo ;$v98.$0(OLS)http://semarc/title/7322 830 0$aPubblicazioni dell'Istituto teologico marchigiano ;$v1.$0(OLS)http://semarc/title/11844 850 $aSeMil 852 $aSeMil$W1$xVenegono$y1$m2D V 176$j43604$B43604$CSeMilBibl$Z2$F73495 $81 961 $aOmaggio: Caspani don Pierpaolo 996 $6020$a88-7030-498-1$9(OLS)http://semarc/number/59141 996 $6245$aIl Battesimo come fondamento dell'esistenza cristiana$9(OLS)http://semarc/title/125779 996 $6260$aMilano :$bMassimo$9(OLS)http://semarc/publisher/30297 LEADER 01175nam a2200265 i 4500 001 000000209528 003 CaOOAMICUS 005 20201102112618.0 008 111219s2011 it u000 u ita u 013 $a188318 020 $a978-88-498-3229-7 040 $aSeMil$bita 100 1 $aTorcivia, Mario,$d<1964- >.$0(OLS)http://semarc/name/40327 245 10$aChiamati alla santità :$buomini e donne di Sicilia alla sequela radicale di Cristo /$cMario Torcivia. 264 1$aSoveria Mannelli :$bRubbettino,$c2011. 300 $a212 p. ;$c21 cm. 650 4$aSicilia - Santi e beati.$0(OLS)http://semarc/subject/39388 830 0$aRubbettino. Università.$0(OLS)http://semarc/title/10678 850 $aSeMil 852 $aSeMil$W1$xVenegono$y1$m3H III 429$j159979$B159979$CSeMilBibl$Z2$F171631 $81 961 $aOmaggio: Scuola Beato Angelico 996 $6020$a978-88-498-3229-7$9(OLS)http://semarc/number/204232 996 $6245$aChiamati alla santità :$buomini e donne di Sicilia alla sequela radicale di Cristo$9(OLS)http://semarc/title/302859 996 $6264$aSoveria Mannelli :$bRubbettino$9(OLS)http://semarc/publisher/32145